Academia in anarchy; an economic diagnosis

Saved in:
Bibliographic Details
Main Author: Buchanan, James M. (James McGill)
Other Authors: Devletoglou, Nicos E (joint author.)
Format: Book
Language:English
Published: New York, Basic Books [1970]
Subjects:
LEADER 01121nam a2200301 a 4500
001 c000140170
003 CARM
005 20000913202338.0
008 700312s1970 nyu b 001 0 eng
010 |a 73103088 
019 1 |a 532847  |z 23907527  |5 LACONCORD2021 
020 |a 0465000126 
035 |a (OCoLC)58782  |5 LACONCORD2021 
040 |a LC  |b eng  |c LC  |d VGX 
050 4 |a LB2825  |b .B77 
050 0 0 |a LB2825  |b .B77 
082 0 4 |a 338.4/7/378100973 
100 1 |a Buchanan, James M.  |q (James McGill) 
245 1 0 |a Academia in anarchy;  |b an economic diagnosis  |c [by] James M. Buchanan & Nicos E. Devletoglou. 
260 |a New York,  |b Basic Books  |c [1970] 
300 |a xi, 187 p.  |c 22 cm. 
504 |a Bibliography: p. 178-180. 
650 0 |a Education  |z United States  |x Finance. 
650 0 |a Education  |x Economic aspects  |z United States. 
700 1 |a Devletoglou, Nicos E,  |e joint author. 
852 8 |b CARM  |h A2:AH29A0  |i B03733  |p 0181289  |f BK 
999 f f |i 59158a44-2cab-56c9-ba0c-b8914091d628  |s 6e520881-fd99-5ada-87b8-06fcbb275598 
952 f f |p Can circulate  |a CAVAL  |b CAVAL  |c CAVAL  |d CARM 1 Store  |e B03733  |f A2:AH29A0  |h Other scheme  |i book  |m 0181289